Guess 50 random Countries Being Drawn - Statistics

General Stats
  • This quiz has been taken 1,869 times
  • The average score is 29 of 50
Answers on the Map
Answers color-coded by a green-red scale on the quiz's map according to % correct below.
 
Answer Stats
% Correct
United Kingdom
70%
Croatia
69%
France
69%
India
68%
Namibia
67%
Turkey
67%
Chile
66%
Peru
66%
Somalia
66%
Sweden
66%
Democratic Republic of the Congo
65%
Finland
65%
Russia
65%
South Africa
65%
United States
65%
Italy
64%
Japan
64%
Jordan
64%
Mali
64%
Spain
64%
Sri Lanka
64%
Vietnam
64%
Austria
63%
Benin
63%
Chad
63%
China
63%
Cuba
63%
Germany
63%
Israel
63%
Morocco
63%
Myanmar
63%
Senegal
63%
Syria
63%
Thailand
63%
Argentina
62%
Australia
62%
Ethiopia
62%
Laos
62%
Libya
62%
New Zealand
62%
Norway
62%
Algeria
61%
Bangladesh
61%
Brazil
61%
Cyprus
61%
Greece
61%
Ireland
61%
Mexico
61%
Mozambique
61%
Nepal
61%
Netherlands
61%
Oman
61%
Portugal
61%
Ukraine
61%
Uzbekistan
61%
Eritrea
60%
Madagascar
60%
Mauritania
60%
Pakistan
60%
Panama
60%
Papua New Guinea
60%
Togo
60%
Iceland
59%
Kazakhstan
59%
Lithuania
59%
Malaysia
59%
Moldova
59%
Niger
59%
Switzerland
59%
Zambia
59%
Bosnia and Herzegovina
58%
Czech Republic
58%
Denmark
58%
Egypt
58%
Gambia
58%
Malawi
58%
Monaco
58%
Saudi Arabia
58%
Vatican City
58%
Belgium
57%
Estonia
57%
Iran
57%
Iraq
57%
Nicaragua
57%
Venezuela
57%
Yemen
57%
Afghanistan
56%
Albania
56%
Angola
56%
Haiti
56%
Latvia
56%
Paraguay
56%
Taiwan
56%
Tunisia
56%
Bolivia
55%
Bulgaria
55%
Costa Rica
55%
Ghana
55%
Ivory Coast
55%
North Korea
55%
Azerbaijan
54%
Cameroon
54%
Gabon
54%
Malta
54%
Poland
54%
South Korea
54%
Tajikistan
54%
Belize
53%
Botswana
53%
Central African Republic
53%
Colombia
53%
Jamaica
53%
Republic of the Congo
53%
Slovenia
52%
Trinidad and Tobago
52%
United Arab Emirates
52%
Zimbabwe
52%
Guatemala
51%
Guinea
51%
Guyana
51%
Kenya
51%
Kuwait
51%
South Sudan
51%
Georgia
50%
Liberia
50%
Nigeria
50%
Tanzania
50%
Armenia
48%
Burundi
48%
Kyrgyzstan
47%
Qatar
47%
Brunei
45%
Ecuador
45%
El Salvador
44%
Uruguay
44%
Dominican Republic
43%
Honduras
42%
Djibouti
40%
Lebanon
40%
Lesotho
39%
Sierra Leone
39%
No matching quizzes found
Score Distribution
Percent of People with Each Score
Percentile by Number Answered
Your Score History
You have not taken this quiz